000 00881cam a2200301 a 4500
999 _c1787
_d1787
001 1787
003 BD-JhCC
005 20171024170711.0
008 840710s1985 caua b a 001 0 eng
020 _a0534043321
035 _a(BD-JhCC)1787
040 _aDLC
_cDLC
_dDLC
041 _aeng
050 0 0 _aGF41
_b.M54 1985
082 0 0 _a304.2
_219
_bMIL 1985
100 1 _aMiller, G. Tyler
_q(George Tyler),
_d1931-
245 1 0 _aLiving in the environment :
_ban introduction to environmental science /
_cG. Tyler Miller, Jr.
250 _a4th ed.
260 _aBelmont, Calif. :
_bWadsworth Pub. Co.,
_cc1985.
300 _axv, 460, [143] p. :
_bill. ;
_c26 cm.
500 _aIncludes index.
504 _aBibliography: p. A8-A29.
650 0 _aHuman ecology.
650 0 _aEnvironmental policy.
650 0 _aEnvironmental sciences.
942 _2ddc
_cBK